| 000 | 01045nam a2200313Ia 4500 | ||
|---|---|---|---|
| 001 | dia_3233 | ||
| 003 | CHAP | ||
| 005 | 20230704091235.0 | ||
| 008 | 220117s2003 xx 000 0 und d | ||
| 010 | _a176984 | ||
| 020 | _a84-8019-5606-8 | ||
| 040 | _cCHAP | ||
| 082 | _a668.124 C38 2003 | ||
| 100 |
_aCavitch, Susan Miller _9159870 |
||
| 245 |
_aGuía práctica para hacer jabón : una extensa guía con recetas, técnicas y métodos / _c Susan Miller Cavitch ; traducción Storey Communications |
||
| 260 |
_aEspaña : _b Paidotribo, _c2003 |
||
| 300 | _a279 p. | ||
| 440 |
_aDisfruto y hago _9149603 |
||
| 500 | _aTítulo original: The soapmaker's companion : a comprehensive guide with recipes, techniques & know-how | ||
| 503 | _aC. | ||
| 590 | _aTP991 C38 2003 | ||
| 650 |
_aJabones _9149604 |
||
| 650 |
_aSoaps _9149605 |
||
| 710 |
_aStorey Communications, tr. _9159871 |
||
| 901 | _a668.124 C38 2003 | ||
| 902 | _aM | ||
| 905 | _a5232272003 sp an 8222223322spa16 | ||
| 942 |
_cLIBRO _2ddc |
||
| 999 |
_c176984 _d176984 |
||